Central Library OPAC University of Rajshahi

Gone with the wind / (Record no. 55837)

MARC details
000 -LEADER
fixed length control field 00871nam a2200265 a 4500
001 - CONTROL NUMBER
control field 55837
003 - CONTROL NUMBER IDENTIFIER
rucl marc code BD-RjUL
005 - DATE AND TIME OF LATEST TRANSACTION
control field 20211209080323.0
008 - FIXED-LENGTH DATA ELEMENTS--GENERAL INFORMATION
fixed length control field 161122r19531936nyu 000 1 eng
035 ## - SYSTEM CONTROL NUMBER
System control number (BD-RjUL) 55961
040 ## - CATALOGING SOURCE
Original cataloging agency DLC
Transcribing agency DLC
Modifying agency BD-RjUL
Language of cataloging eng
041 ## - LANGUAGE CODE
Language code of text/sound track or separate title eng
082 ## - DEWEY DECIMAL CLASSIFICATION NUMBER
Edition number 23
Classification number 813.52
Author mark and year MIG 1953
100 1# - MAIN ENTRY--PERSONAL NAME
Personal name Mitchell, Margaret,
Dates associated with a name 1900-1949.
9 (RLIN) 166240
245 10 - TITLE STATEMENT
Title Gone with the wind /
Statement of responsibility, etc. by Margaret Mitchell.
260 ## - PUBLICATION, DISTRIBUTION, ETC. (IMPRINT)
Place of publication, distribution, etc. New York :
Name of publisher, distributor, etc. Macmillan,
Date of publication, distribution, etc. 1936 [Reprinted 1953]
300 ## - PHYSICAL DESCRIPTION
Pagination 1042 p. ;
Size 22 cm.
600 10 - SUBJECT ADDED ENTRY--PERSONAL NAME
Personal name O'Hara, Scarlett
Titles and other words associated with a name (Fictitious character)
650 #0 - SUBJECT ADDED ENTRY--TOPICAL TERM
Topical term or geographic name as entry element Women
Geographic subdivision Georgia
Form subdivision Fiction.
9 (RLIN) 166242
Topical term or geographic name as entry element Plantation life
Form subdivision Fiction.
9 (RLIN) 166243
651 #0 - SUBJECT ADDED ENTRY--GEOGRAPHIC NAME
Geographic name Georgia
General subdivision History
Chronological subdivision Civil War, 1861-1865
Form subdivision Fiction.
9 (RLIN) 166244
942 ## - ADDED ENTRY ELEMENTS (KOHA)
Source of classification or shelving scheme Dewey Decimal Classification
Koha item type Books
Holdings
Lost status Source of classification or shelving scheme Damaged status Not for loan Collection code Permanent Location Current Location Shelving location Date acquired Source of acquisition Cost, normal purchase price Total Checkouts Full call number Date last seen Copy number Koha item type
  Dewey Decimal Classification     Fiction Central Library, University of Rajshahi Central Library, University of Rajshahi   22/02/1956 o.b.& 17.50   813.52 MIG 1953 22/11/2016 C-2 Books
  Dewey Decimal Classification     Fiction Central Library, University of Rajshahi Central Library, University of Rajshahi   24/07/1990 Swits & Zillinger 0.00   813.52 MIG 1953 24/11/2016 C-3 Books